| 000 | 004990000a22001810004500 | ||
|---|---|---|---|
| 020 | _a0-85151-542-8 | ||
| 041 | 0 | _aENG | |
| 082 | 0 | 4 | _aG 269 P5581w |
| 100 | 1 | _aPhillips, Thomas | |
| 245 | 1 | 0 | _aThe welsh revival : Its origin and development / Thomas Phillips |
| 260 | _aCarlisle, PA., USA : The Banner of Truth Trust | ||
| 300 | _aXVI, 147 Pag | ||
| 001 | 8095 | ||
| 942 | _cBK | ||
| 999 |
_c38292 _d38292 |
||
| 336 |
_atexto _btxt _2rdacontent |
||
| 337 |
_2rdamedia _asin mediación _bn |
||
| 338 |
_2rdacarrier _avolumen _bnc |
||